00305nam a2200121Ia 4500008004100000041000800041082001600049100002300065245002500088260002800113300003100141365001100172240624s9999 xx 000 0 und d aeng a658.408 KUM aKUMAR T N SATHEESH aCORPORATE GOVERNANCE c2010aNew DelhibOxford axiv, : 569 : p. : cm. ; 26 cRSb31